Datum a čas kvízu
28.5
Celkem bodů
Celkový počet nahraných bodů na tomto kvízu bez doplňovacích otázek.
7.
Pořadí na kvízu
Konečné umístění týmu na tomto kvízu.
Zaznamenané odpovědi
| # | Otázka | Odpověď | Body | Výsledky |
|---|---|---|---|---|
| 1. | Danuše Nerudová přijala nabídk... | STAN | 1 | |
| 2. | Berlínští policisté museli min... | o mývaly | 0 | |
| 3. | Který oblíbený zahraniční here... | Robert De Niro | 0 | |
| 4. | Tisíce lidí se v úterý shromáž... | v Irsku | 0 | |
| 5. | Bývalý pilot Formule 1 podal m... | Felipe Massa | 1 | |
| 6. | Léto je v plném proudu a my vá... | Staré Hrady | 0 | |
| 7. | Festival Hrady CZ objíždí již... | D | 0 | |
| 8. | Již od roku 1946 patří k létu... | Mariánské Lázně | 0 | |
| 9. | K létu neodmyslitelně patří ko... | Pastviny (Pastvinská přehrada) | 1 | |
| 10. | Přiřaďte následující oblíbené... | 1C 2A 3D 4B | 1 |